000 01211nam a2200277 a 4500
003 OSt
005 20230621112330.0
007 cr ||||||a|c|a
008 230619s2019 mx ad||fom||| 001 0 spa d
040 _erda
100 1 _9187412
_aRosas Mancilla, María Elba
245 1 0 _aGénero, leña y salud:
_bel caso de la comunidad indígena de reyeshogpan, Cuetzalan, Puebla /
_cpor María Elba Rosas Mancilla; director de tesis Veneranda Xóchitl Juárez Varela
264 1 _aChapingo, México :
_bEl autor,
_c2019.
300 _a1 recurso en línea (106 páginas):
_bIlustraciones, gráficas
336 _2rdacontent
_atexto
_btxt
337 _2rdamedia
_acomputadora
_bc
338 _2rdacarrier
_arecurso en línea
_bcr
502 _bMCDRR
_cCentros Regionales
_d2019.
_gMAE
504 _aIncluye referencias bibliográficas: páginas 99-106
650 4 _9167819
_aLeña Madera como combustible
650 4 _966052
_aLeña
_xConsumo
650 4 _9132180
_aMujeres
_xEnfoque de género
700 0 _962497
_aJuárez Varela, Veneranda Xóchitl
_eDirector de tesis
856 _uhttp://10.13.5.2/tesis/tm/Rosas_Mancilla_Maria_Elba.pdf
_zDESCARGAR PDF
942 _2Clasificación Universidad Autónoma Chapingo
_cTD
999 _c218965
_d218965